[Event "IND-chT (Women) 22nd"]
[Site "Ahmedabad"]
[Date "2025.03.05"]
[Round "1.4"]
[White "Rajasurya, J."]
[Black "Vini, Gandhi"]
[Result "1-0"]
[WhiteElo "1728"]
[BlackElo "1463"]
[PlyCount "91"]
[EventDate "2025.03.05"]
[EventType "team-swiss"]
[EventRounds "7"]
[EventCountry "IND"]
[SourceTitle "CB12_2025"]
[SourceDate "2025.03.19"]
[SourceVersion "1"]
[SourceVersionDate "2025.03.19"]
[SourceQuality "1"]
[WhiteTeam "Tamil Nadu (W)"]
[BlackTeam "Gujarat (W) II"]
[WhiteTeamCountry "IND"]
[BlackTeamCountry "IND"]

1. c4 f5 2. Nc3 e6 3. g3 Nf6 4. Bg2 Bb4 5. d3 Bxc3+ 6. bxc3 Nc6 7. Nf3 0-0 8. 0-0 e5 9. Rb1 e4 10. Nd4 Ne7 11. Qc2 d5 12. Rd1 c6 13. cxd5 cxd5 14. Ba3 a6 15. Bh3 Nh5 16. dxe4 fxe4 17. Bxc8 Rxc8 18. Ne6 Qe8 19. Nxf8 Qxf8 20. Rxd5 Nf6 21. Rf5 Qe8 22. Qb3+ Kh8 23. Re5 Rc7 24. Bxe7 Rxe7 25. Rxe7 Qxe7 26. Qxb7 Qe5 27. Qb8+ Qxb8 28. Rxb8+ Ng8 29. c4 h6 30. c5 Kh7 31. Rxg8 Kxg8 32. c6 Kh7 33. c7 a5 34. c8Q a4 35. Qf5+ Kh8 36. Qxe4 a3 37. Qg6 Kg8 38. e4 Kf8 39. e5 Ke7 40. e6 Kd6 41. Qf7 g5 42. e7 Kc6 43. e8Q+ Kc5 44. Qe4 g4 45. Qc7+ Kb5 46. Qec4# 1-0